Zachovanie colnej únie medzi ČR a SR znamená test schopnosti dodržiavať medzinárodné dohody a princípy voľného obchodu

Znižovanie podielu zahraničného obchodu ČR na slovenskom trhu. Zahraničnoobchodná politika podnikov. Spochybňovanie významu colnej únie medzi SR a ČR. Administratívne opatrenia - množstevné kvóty niektorých potravinárskych komodít a dovozná prirážka neprospievajú zahraničnému obchodu medzi SR a ČR.

Gespeichert in:
Bibliographische Detailangaben
1. Verfasser: Švec, Peter
Format: Buchkapitel
Sprache:Slowakisch
Schlagworte:
Tags: Tag hinzufügen
Keine Tags, Fügen Sie das erste Tag hinzu!

MARC

LEADER 00000naa a2200000 4500
001 r030812
005 20230921083319.7
041 0 |a slo 
044 |a SK 
245 1 0 |a Zachovanie colnej únie medzi ČR a SR znamená test schopnosti dodržiavať medzinárodné dohody a princípy voľného obchodu  |c Peter Švec 
520 |a Znižovanie podielu zahraničného obchodu ČR na slovenskom trhu. Zahraničnoobchodná politika podnikov. Spochybňovanie významu colnej únie medzi SR a ČR. Administratívne opatrenia - množstevné kvóty niektorých potravinárskych komodít a dovozná prirážka neprospievajú zahraničnému obchodu medzi SR a ČR. 
610 2 0 |a únie colné 
610 2 0 |a Slovensko 
610 2 0 |a Česko 
610 2 0 |a dohody medzinárodné 
610 2 0 |a obchod voľný 
610 2 0 |a Európska únia 
100 1 |a Švec, Peter